| 000 | 03194cam a22005174i 4500 | ||
|---|---|---|---|
| 003 | PE-LiUPU | ||
| 005 | 20250731173111.0 | ||
| 008 | 181220s2017 be a r 000 0 eng | ||
| 020 | _a9042934190 | ||
| 020 | _a9789042934191 | ||
| 035 | _a(Sirsi) a251121 | ||
| 040 |
_aPE-LiUPU _bspa _cPE-LiUPU _erda |
||
| 049 | _aPRUA | ||
| 082 | 0 | 4 |
_a220.93 _bW5 _223 |
| 245 | 0 | 0 |
_a"What mean these stones?" (Joshua 4:6, 21) : _bessays on texts, philology, and archaeology in honour of Anthony J. Frendo / _cedited by Dennis Mizzi, Nicholas C. Vella and Martin R. Zammit. |
| 264 | 1 |
_aLeuven : _bPeeters, _c2017. |
|
| 300 |
_avi, 286 páginas : _bilustraciones ; _c31 centímetros. |
||
| 336 |
_atext _2rdacontent |
||
| 337 |
_aunmediated _2rdamedia |
||
| 338 |
_avolume _2rdacarrier |
||
| 490 | 0 |
_aAncient Near Eastern Studies (ANES) ; _vSupplement 50 |
|
| 504 | _aBibliografía: páginas 273-279. | ||
| 505 | 0 | _a"What mean these stones?" (Joshua 4:6, 21) : honouring the academic legacy of Anthony J. Frendo -- Anthony J. Frendo : list of publications, 1981-2016 -- The cuneiform inscription found at Tas-Silġ (Malta), banded agate, "targets," and "cushions" -- New reflections on the Aramaic inscriptions of Nerab -- Message decoding : what does the inscription of Lachish 2 represent? -- The Phoenician papyrus from Tal-Virtù, Malta -- Due iscrizioni neopuniche nel Museo archeologico Nazionale di Napoli -- Girna : etymological considerations on the Maltese corbelled hut -- In search of Nimrod : problems in the interpretation of Genesis 10:8-12 -- A terrified fugitive dissolves the problems of Isaiah 10:18 -- Some notes on Götterpolemik in Isaiah 57 -- Wrestling with God : literary encounters with the divine, from Jacob to T. S. Eliot -- The biblical sources in the Tristia ex Melitogaudo : lament in Greek verse of a 12th-century exile on Gozo -- A cultural biography of a banded agate object -- Warfare in the Ancient Near East : a look into the human perspective -- Aulul. 566 e l'improbabile "lanterna punica" -- Iscrizioni puniche su roccia e su supporto mobile dalla necropoli meridionale di Tharros : nota sui dati antiquari -- From prehistoric to historic Malta : a discussion of the sources -- Pure matter : on the ritual-purity status of glass at Qumran -- Placing coin hoards : a case study of two hoards from Malta. | |
| 526 | _aSEG42 | ||
| 526 | _aSEG41 | ||
| 526 | _aSEG40 | ||
| 526 | _aSEG39 | ||
| 526 | _aP94 | ||
| 526 | _aP87 | ||
| 526 | _aP86 | ||
| 526 | _aP85 | ||
| 526 | _aP77 | ||
| 526 | _aP76 | ||
| 526 | _aP35 | ||
| 650 | 0 | 4 | _aAntigüedades. |
| 650 | 0 | 4 |
_aEscavaciones (arqueológicas) _zPalestina. |
| 700 | 1 |
_aPeilstöcker, Martin, _eeditor. |
|
| 700 | 1 |
_aBurke, Aaron A. _eeditor. |
|
| 700 | 1 |
_aBurke, Katherine Strange, _eeditor. |
|
| 910 |
_adbm _bsag _csag _d20181220 |
||
| 942 |
_2ddc _cBOOK |
||
| 994 |
_aC0 _bPEPRU |
||
| 596 | _a1 | ||
| 999 |
_a220.93 W5 _wDEWEY _c30570 _i79427 _f2021-11-9 _g3 _lCCODEBUL1 _mBUL _p115.00 _r0 _sY _tBOOK _u2018-12-20 _xTEOLOGIA _PP85 _0COMPRA _1FCOMPR2 _o.STAFF. Colección Teología _d30570 |
||
| 980 |
_81 _gALBERTO SANCHEZ Responsable de Automatización |
||